Essentials of managerial finance (Record no. 3326)
[ view plain ]
| 000 -LEADER | |
|---|---|
| fixed length control field | 00663nam a22002177a 4500 |
| 003 - CONTROL NUMBER IDENTIFIER | |
| control field | URS |
| 005 - DATE AND TIME OF LATEST TRANSACTION | |
| control field | 20220114142447.0 |
| 008 - FIXED-LENGTH DATA ELEMENTS--GENERAL INFORMATION | |
| fixed length control field | 190402s1993 txua b 001 0 eng |
| 020 ## - INTERNATIONAL STANDARD BOOK NUMBER | |
| International Standard Book Number | 0030754747 |
| 040 ## - CATALOGING SOURCE | |
| Transcribing agency | URS |
| Modifying agency | rda |
| 050 00 - LIBRARY OF CONGRESS CALL NUMBER | |
| Classification number | HG 4026 |
| Item number | .W534 1993 |
| 100 1# - MAIN ENTRY--PERSONAL NAME | |
| Personal name | Weston, J. Fred |
| 245 20 - TITLE STATEMENT | |
| Title | Essentials of managerial finance |
| Statement of responsibility, etc. | J. Fred Weston, Eugene F. Brigham. |
| 250 ## - EDITION STATEMENT | |
| Edition statement | Tenth edition |
| 260 ## - PUBLICATION, DISTRIBUTION, ETC. | |
| Place of publication, distribution, etc. | Fort Worth : |
| Name of publisher, distributor, etc. | Dryden Press, |
| Date of publication, distribution, etc. | [1993] |
| 300 ## - PHYSICAL DESCRIPTION | |
| Extent | xxiii, 892 pages |
| Other physical details | with illustrations |
| Dimensions | 26 cm. |
| 504 ## - BIBLIOGRAPHY, ETC. NOTE | |
| Bibliography, etc. note | Includes bibliographical references and index. |
| 650 #0 - SUBJECT ADDED ENTRY--TOPICAL TERM | |
| Topical term or geographic name entry element | Corporations |
| General subdivision | Finance. |
| 700 1# - ADDED ENTRY--PERSONAL NAME | |
| Personal name | Brigham, Eugene F., |
| 942 ## - ADDED ENTRY ELEMENTS (KOHA) | |
| Source of classification or shelving scheme | Library of Congress Classification |
| Koha item type | Foreign Books |
| Withdrawn status | Source of classification or shelving scheme | Damaged status | Not for loan | Collection code | Home library | Current library | Shelving location | Date acquired | Total Checkouts | Full call number | Barcode | Date last seen | Price effective from | Koha item type |
|---|---|---|---|---|---|---|---|---|---|---|---|---|---|---|
| Library of Congress Classification | Non-fiction | Cainta College Library | Cainta College Library | On Display | 04/02/2019 | HG 4026.W534 1993 | URSCAI-4429 | 11/04/2016 | 11/04/2016 | Foreign Books |